书目信息 |
| 题名: |
中国近代革命运动
|
|
| 作者: | 朱大平 , 张晓青 编著 | |
| 分册: | ||
| 出版信息: | 北京 北京科学技术出版社 1995.11 |
|
| 页数: | 111页 | |
| 开本: | 32开 | |
| 丛书名: | ||
| 单 册: | ||
| 中图分类: | K209 | |
| 科图分类: | ||
| 主题词: | 中国--通史 | |
| 电子资源: | ||
| ISBN: | 7-5304-1636-7 | |
| 000 | 00613nam0 2200205 45 | |
| 001 | 0008210993 | |
| 005 | 20001002104440.2 | |
| 010 | @a7-5304-1636-7@d3.90元 | |
| 100 | @a20000821d1995 km y0chiy0120 ea | |
| 101 | 0 | @achi |
| 105 | @a z 000yy | |
| 200 | 1 | @a中国近代革命运动@AZhong Guo Jin Dai Ge Ming Yun Dong@f朱大平,张晓青编著@FZhu Da Ping,Zhang Xiao Qing Bian Zhu |
| 210 | @a北京@c北京科学技术出版社@d1995.11 | |
| 215 | @a111页@d32开 | |
| 606 | 0 | @a中国@x通史 |
| 690 | @aK209@v3 | |
| 701 | 0 | @a朱大平@4编著 |
| 701 | 0 | @a张晓青@4编著 |
| 801 | @aCN@bPftUser@c20000821 | |
| 905 | @dK209@eZH680@b161598-600@f3 | |
| 中国近代革命运动/朱大平,张晓青编著.-北京:北京科学技术出版社,1995.11 |
| 111页;32开 |
| ISBN 7-5304-1636-7:3.90元 |
| ● |
| 相关链接 |
|
|
|
正题名:中国近代革命运动
索取号:K209/ZH680
 
预约/预借
| 序号 | 登录号 | 条形码 | 馆藏地/架位号 | 状态 | 备注 |
| 1 | 161598 | 201615984 | 自科二线404/309社科库 37排1列1层/ [索取号:K209/ZH680] | 在馆 | |
| 2 | 161599 | 201615993 | 自科二线404/309社科库 37排1列1层/ [索取号:K209/ZH680] | 在馆 | |
| 3 | 161600 | 201616000 | 自科二线404/309社科库 37排1列1层/ [索取号:K209/ZH680] | 在馆 |